Statistics for The Beatles-With the Beatles (Tracklist)

Click here to take the quiz!

General Stats

  • This quiz has been taken 7 times
  • The average score is 10 of 14

Answer Stats

Track #Song% Correct
2All I’ve Got to Do
86%
3All My Loving
86%
4Don’t Bother Me
86%
1It Won’t Be Long
86%
5Little Child
86%
8Roll Over Beethoven
86%
12Devil in Her Heart
71%
9Hold Me Tight
71%
11I Wanna Be Your Man
71%
14Money (That’s What I Want)
71%
13Not a Second Time
57%
7Please Mr. Postman
57%
6Till There Was You
57%
10You Really Got a Hold on Me
57%

Score Distribution

Percentile by Number Answered

Percent of People with Each Score

Your Score History

You have not taken this quiz